Catálogo
 En Linea

Lo que podemos ser / (Registro nro. 48920)

Detalles MARC
000 -CABECERA
campo de control de longitud fija 00402nam a22001457a 4500
003 - IDENTIFICADOR DEL NÚMERO DE CONTROL
campo de control OSt
005 - FECHA Y HORA DE LA ÚLTIMA TRANSACCIÓN
campo de control 20201019150047.0
008 - DATOS DE LONGITUD FIJA--INFORMACIÓN GENERAL
campo de control de longitud fija 201019b ||||| | dr 00| 0 eng d
040 ## - FUENTE DE LA CATALOGACIÓN
Centro catalogador/agencia de origen DO-SdBNP
Lengua de catalogación spa
Centro/agencia transcriptor BNPHU
100 1# - ENTRADA PRINCIPAL--NOMBRE DE PERSONA
Nombre de persona Acevedo, Carlos,
Fechas asociadas al nombre 1942-
9 (RLIN) 76959
245 10 - MENCIÓN DE TÍTULO
Título Lo que podemos ser /
Mención de responsabilidad, etc. Carlos Acevedo.
260 ## - PUBLICACIÓN, DISTRIBUCIÓN, ETC.
Lugar de publicación, distribución, etc. Santo Domingo :
Nombre del editor, distribuidor, etc. s. n.
Fecha de publicación, distribución, etc. s. f.
300 ## - DESCRIPCIÓN FÍSICA
Extensión 108 p. ;
Dimensiones 21 cm.
942 ## - ELEMENTOS DE PUNTO DE ACCESO ADICIONAL (KOHA)
Fuente del sistema de clasificación o colocación Dewey Decimal Classification
Tipo de ítem Koha Libro
Existencias
Estado de retiro Estado de pérdida Fuente del sistema de clasificación o colocación No para préstamo Código de colección Localización permanente Ubicación/localización actual Ubicación en estantería Fecha de adquisición Fuente de adquisición Total de préstamos Fecha visto por última vez Precio válido a partir de Tipo de ítem Koha
    Dewey Decimal Classification   Monografías: Libros y Folletos Patrimonio Dominicano Patrimonio Dominicano En catalogación 19.10.2020 Manuel Ortiz   19.10.2020 19.10.2020 Libro

Con tecnología Koha